000 01271nam a22003617a 4500
003 CHAP
005 20220329133721.0
008 971013s1994 r 00010 d
010 _a9888
011 _a10860
035 _a10098
040 _cCHAP
090 _aTesis
100 0 0 _aSalazar García, Jesús Gustavo.
_9101375
245 _aVariación genética en el crecimiento inicial de plántulas de Pinus chiapensis (Mtz) Andresen, bajo condiciones de invernadero
260 _aChapingo, Méx. :
_bEl autor,
_c1994
300 _a97 h.
502 _aTesis (Ing. Agr. Esp. en Bosques) -- UACH. División de Ciencias Forestales
590 _aALEPH
_b10
_c20130110
_lUCH01
_h1226
590 _aBATCH-UPD
_b10
_c20130109
_lUCH01
_h2325
590 _aBATCH-UPD
_b10
_c20130110
_lUCH01
_h1954
590 _aBATCH-UPD
_b10
_c20130409
_lUCH01
_h1849
590 _aBATCH-UPD
_b10
_c20130410
_lUCH01
_h1315
590 _aBATCH-UPD
_b10
_c20130914
_lUCH01
_h1128
590 _aCONVERSION
_b10
_c20130109
_lUCH01
_h1306
650 1 4 _aCultivos en invernadero.
_930376
650 1 4 _aPináceas
_xCrecimiento.
_988225
650 1 4 _aPináceas
_xGenética.
_988237
650 1 4 _aPinus chiapensis.
_988326
901 _aBK
942 _cTESIS
949 _bBC
_cTES
_d-21476
_eTS1
_h26687
_i10098
_si
999 _c9888
_d9888